Essential quantitative methods for business management and finance / (Record no. 7388)
[ view plain ]
| 000 -LEADER | |
|---|---|
| fixed length control field | 00777cam a22002412 4500 |
| 001 - CONTROL NUMBER | |
| control field | 0000007091 |
| 005 - DATE AND TIME OF LATEST TRANSACTION | |
| control field | 20151217152022.0 |
| 008 - FIXED-LENGTH DATA ELEMENTS--GENERAL INFORMATION | |
| fixed length control field | 071113s xx 000 0 eng d |
| 020 ## - INTERNATIONAL STANDARD BOOK NUMBER | |
| International Standard Book Number | 1403949912 : |
| Terms of availability | KES 3262.50 |
| 040 ## - CATALOGING SOURCE | |
| Original cataloging agency | KABU |
| Transcribing agency | KABU |
| 050 #0 - LIBRARY OF CONGRESS CALL NUMBER | |
| Classification number | HF5691 |
| Item number | .O23 2006 |
| 100 1# - MAIN ENTRY--PERSONAL NAME | |
| Personal name | Oakshott, Les. |
| -- | 0000151645 |
| 245 10 - TITLE STATEMENT | |
| Title | Essential quantitative methods for business management and finance / |
| Statement of responsibility, etc. | Les Oakshott. |
| 250 ## - EDITION STATEMENT | |
| Edition statement | 3rd ed. |
| 260 ## - PUBLICATION, DISTRIBUTION, ETC. (IMPRINT) | |
| Place of publication, distribution, etc. | Houndsmills : |
| Name of publisher, distributor, etc. | Palgrave, |
| Date of publication, distribution, etc. | 2006. |
| 300 ## - PHYSICAL DESCRIPTION | |
| Extent | xii, 484 p. |
| 650 #0 - SUBJECT ADDED ENTRY--TOPICAL TERM | |
| Topical term or geographic name as entry element | Business mathematics. |
| -- | 0000148324 |
| 650 #0 - SUBJECT ADDED ENTRY--TOPICAL TERM | |
| Topical term or geographic name as entry element | Finance |
| General subdivision | Mathematical models. |
| -- | 0000151646 |
| 908 ## - PUT COMMAND PARAMETER (RLIN) | |
| Put command parameter | 071113 |
| 950 ## - LOCAL HOLDINGS (RLIN) | |
| -- | 1 |
| Withdrawn status | Lost status | Source of classification or shelving scheme | Not for loan | Home library | Current library | Date acquired | Total Checkouts | Full call number | Barcode | Date last seen | Date last checked out | Price effective from | Koha item type | Cost, normal purchase price | Copy number |
|---|---|---|---|---|---|---|---|---|---|---|---|---|---|---|---|
| Library of Congress Classification | Kabarak, Main Campus | Kabarak, Main Campus | 17/12/2015 | 1 | HF5691 .O23 2006 | 011041 | 03/11/2017 | 02/11/2017 | 17/12/2015 | General Collection | |||||
| Library of Congress Classification | Kabarak, Main Campus | Kabarak, Main Campus | 17/12/2015 | HF5691 .O23 2006 | 011042 | 17/12/2015 | 17/12/2015 | General Collection | |||||||
| Library of Congress Classification | Kabarak, Nakuru City Campus | Kabarak, Nakuru City Campus | 08/10/2018 | 1 | HF5691 .O23 2006 c. 1 | 024692 | 30/05/2022 | 12/05/2022 | 08/10/2018 | General Collection | 5995.00 | c. 1 |